000 00494nam a22001937a 4500
003 OSt
005 20170309190012.0
008 170309b xxu||||| |||| 00| 0 eng d
040 _cDDC.
082 _a628.5BAI 2001.
100 _aBaird,Colin;
_9927
245 _aEnvironmental Chemistry.
250 _a2nd ed.
260 _aNew York.
_bW.H Freeman and Company.
_c2001.
300 _axviii,557.
_bill:
_c23cm.
504 _aincludes index.
650 _aChemistry.
_9797
942 _2ddc
_cO_SHELF
999 _c5659
_d5659